01533njm a22003017a 450000500170000000700150001700800410003202800350007302800350010802800350014303500130017804000120019110000280020324501670023124601310039825000110052926000410054030000970058150000180067850000430069650503660073960000280110565000370113370000170117070000170118770000160120470000110122020100920104455.0sd ammalaaahaa100904t xxu||||| |||| 00| 0 hin d aECLP. 5913bHis Master's Voice a2XJW. 6167bHis Master's Voice a2XJW. 6168bHis Master's Voice aGR-03606 aSED/VEN aShamim Ghulam Nabi Azad aHum Bachhey Hindustan Ke (Part-1)bHindi Film /cby Shamim Ghulam Nabi Azad; Music by Zameer Bilaneri; Lyric by Rashtra Kavi Sanam Gorakhpurih[Sound Recording] : aहम बच्चे हिन्दुस्तान के (शमीम गुलाम नबी आजाद)  aP-1984 aDum Dum, India :bHis Master's Voice a1 sound disc [Gramophone Recording] :banalog, 33 1/3 rpm ;c12 in. [LP]fGramophone Records aBrief Records aRecord Lables: His Master's Voice, Red aSong Side-1; हम बच्चे हिन्दुस्तान के (हम बच्चे हिन्दुस्तान के) (शमीम गुलाम नबी आजाद), Song Side-2; ये देश हमारा है (अनूप जलोटा, प्रीति सागर और दिलराज कौर) Part 2  aShamim Ghulam Nabi Azad aClassical MusicxExcerptszIndia aAnoop Jalota aPreeti Sagar aDilraj Kaur aChorus